000 00330 a2200145 4500
001 148647
040 _cEscola São Tomás de Aquino
100 _aPINHEIRO, Silvana
240 1 0 _aHistória de estrela
_lpor
245 1 0 _aHistória de estrela
362 0 _a1994
440 1 _aRHJ
697 _a*LITERATURA INFANTO
942 _cBK
999 _c148647
_d148647